<?xml version="1.0" encoding="UTF-8"?>
<marc:record xmlns:marc="http://www.loc.gov/MARC21/slim">
   <marc:leader>00000nam a2200000 a 4500</marc:leader>
   <marc:datafield ind1="1" ind2=" " tag="100">
      <marc:subfield code="a">Schacht, Andrea</marc:subfield>
      <marc:subfield code="4">aut</marc:subfield>
      <marc:subfield code="e">Verfasser/-in</marc:subfield>
   </marc:datafield>
   <marc:datafield ind1="0" ind2="0" tag="245">
      <marc:subfield code="a">Der fliegende Weihnachtskater</marc:subfield>
   </marc:datafield>
   <marc:datafield ind1="0" ind2="0" tag="245">
      <marc:subfield code="c">Andrea Schacht</marc:subfield>
   </marc:datafield>
   <marc:datafield ind1=" " ind2="1" tag="264">
      <marc:subfield code="a">Berlin</marc:subfield>
      <marc:subfield code="b">Rütten &amp; Loening</marc:subfield>
      <marc:subfield code="c">2011</marc:subfield>
   </marc:datafield>
   <marc:datafield ind1=" " ind2=" " tag="250">
      <marc:subfield code="a">1. Aufl.</marc:subfield>
   </marc:datafield>
   <marc:datafield ind1="1" ind2=" " tag="520">
      <marc:subfield code="a">Angaben aus der Verlagsmeldung

Der fliegende Weihnachtskater : Roman / von Andrea Schacht

Kurz vor Weihnachten: Amita Rosenhag, eine Pilotin, sitzt auf dem Rückflug von dem Besuch ihrer Großmutter in Indien. Gelandet holt sie ihren Teppich ab, als sie eine Bekannte aus dem Zolllager anspricht. Man habe ein halb verhungertes Kätzchen in ihrem Teppich gefunden. Amita empfindet Mitleid mit dem abgemagerten Tier. Shardul, ein roter Tigerkater, würde eingeschläfert werden, also nimmt sie ihn mit nach Hause. Dankbar ist der Kater jedoch nicht. Er ist ein arger Rabauke, der sich nicht von ihr anfassen lässt – der aber über magische Kräfte verfügt. Als Erste begreift das Janina, die Tochter ihres überaus attraktiven Nachbarn. Und dann, kurz vor dem Heiligabend, nehmen die turbulenten Verwicklungen ihren Lauf.
</marc:subfield>
   </marc:datafield>
   <marc:datafield ind1=" " ind2=" " tag="020">
      <marc:subfield code="a">9783352008184</marc:subfield>
      <marc:subfield code="9">9783352008184</marc:subfield>
   </marc:datafield>
   <marc:datafield ind1=" " ind2=" " tag="020">
      <marc:subfield code="a">3352008183</marc:subfield>
      <marc:subfield code="9">3352008183</marc:subfield>
   </marc:datafield>
   <marc:datafield ind1=" " ind2=" " tag="041">
      <marc:subfield code="a">ger</marc:subfield>
   </marc:datafield>
   <marc:datafield ind1=" " ind2=" " tag="300">
      <marc:subfield code="a">140 S.</marc:subfield>
   </marc:datafield>
</marc:record>
